Vplyv organizačnej zmeny na konkurencieschopnosť podniku
Globalizácia a konkurencieschopnosť podniku. Organizačná diferenciácia a integrácia. Funkčná koncepcia riadenia podniku. Pružná koncepcia riadenia podniku. Komparácia organizačných foriem podniku. Komparácia funkčnej a pružnej koncepcie riadenia podniku.
Gespeichert in:
| 1. Verfasser: | |
|---|---|
| Weitere Verfasser: | |
| Format: | Buchkapitel |
| Sprache: | Slowakisch |
| Schlagworte: | |
| Tags: |
Keine Tags, Fügen Sie das erste Tag hinzu!
|
MARC
| LEADER | 00000nla a2200000 4500 | ||
|---|---|---|---|
| 001 | 0178939 | ||
| 005 | 20221020085048.9 | ||
| 041 | 0 | |a slo | |
| 044 | |a CZ | ||
| 245 | 1 | 0 | |a Vplyv organizačnej zmeny na konkurencieschopnosť podniku |c Dagmar Hrašková, Darina Chlebíková |
| 520 | |a Globalizácia a konkurencieschopnosť podniku. Organizačná diferenciácia a integrácia. Funkčná koncepcia riadenia podniku. Pružná koncepcia riadenia podniku. Komparácia organizačných foriem podniku. Komparácia funkčnej a pružnej koncepcie riadenia podniku. | ||
| 610 | 2 | 0 | |a podnik |
| 610 | 2 | 0 | |a konkurencieschopnosť |
| 610 | 2 | 0 | |a riadenie podnikové |
| 610 | 2 | 0 | |a riadenie zmien |
| 610 | 2 | 0 | |a zmeny organizačné |
| 610 | 2 | 0 | |a reengineering |
| 610 | 2 | 0 | |a globalizácia |
| 100 | 1 | |a Hrašková, Dagmar | |
| 700 | 1 | |a Chlebíková, Darina | |